Guess This Ridiculously Popular '90s Song - Statistics

General Stats
  • This quiz has been taken 34 times
  • The average score is 43 of 145
Answer Stats
Answer % Correct
a
100%
You
87%
you
87%
the
80%
an
77%
to
77%
me
70%
and
67%
And
67%
When
67%
who
57%
be
53%
on
53%
Then
53%
go
50%
so
50%
Can
47%
can
47%
If
47%
no
47%
No
47%
don't
43%
in
43%
In
43%
but
40%
have
40%
know
40%
of
37%
say
37%
tell
37%
there
37%
this
37%
your
37%
ba
33%
oh
33%
Oh
33%
one
33%
It's
30%
it's
30%
yeah
30%
or
27%
will
27%
can't
23%
two
23%
all
20%
get
20%
not
20%
Said
20%
end
17%
lose
17%
out
17%
care
13%
'cause
13%
going
13%
really
13%
any
10%
fast
10%
find
10%
life
10%
Only
10%
only
10%
those
10%
back
7%
gonna
7%
grow
7%
hold
7%
Keep
7%
knows
7%
many
7%
ones
7%
start
7%
they're
7%
through
7%
which
7%
Which
7%
dop
3%
Du
3%
du
3%
gone
3%
last
3%
Mmmbop
3%
mmmbop
3%
old
3%
pain
3%
secret
3%
still
3%
they'll
3%
turn
3%
bop
0%
daisy
0%
duba
0%
flower
0%
flower's
0%
grows
0%
hair
0%
losing
0%
ooh
0%
Ooh
0%
Plant
0%
plant
0%
planting
0%
relationships
0%
rose
0%
seed
0%
strife
0%
Until
0%
No matching quizzes found
Score Distribution
Percent of People with Each Score
Percentile by Number Answered
Your Score History
You have not taken this quiz